| 000 | 01182 a2200229 4500 | ||
|---|---|---|---|
| 001 | 54162 | ||
| 005 | 20260407155812.0 | ||
| 008 | 260407a2020 arg spa d | ||
| 003 | AR-UNSa-BCEJYS | ||
| 040 |
_aAR-UNSa-BCEJYS _bspa _cAR-UNSa-BCEJYS |
||
| 080 |
_a336.226.1 _xImpuestos a las ganancias o los beneficios (Impuesto Diferido) |
||
| 245 | 1 | 0 |
_aMétodo del impuesto diferido _pen el marco de los estados contables ajustados por inflación |
| 020 | _a978-987-716-132-8 | ||
| 264 | 1 |
_aBuenos Aires : _bOsmar D. Buyatti _c2020 |
|
| 300 |
_a153 p. _c22 cm. |
||
| 505 | _a1. Aspectos genearles del MID - 2. Otros aspectos inherentes al método - 3. El MID en el marco del ajuste por inflación - 4. Aplicación integral del MID en el contexto de la reexpresión de estados contables - 5. Tratamiento contable del ajuste por inflación practicado a los fines impositivos - 6. El caso particular del empleo del MId en las obras construídas bajo contrato | ||
| 041 | _aspa | ||
| 942 | _cBK | ||
| 590 | _aniveau_biblio:m niveau_hierar:0 | ||
| 100 | 1 | _aTorres, Carlos Federico | |
| 856 | 4 | 1 |
_uhttps://biblioeco.unsa.edu.ar/pmb/images/libros/L128479.jpg _yImagen de portada _qimage/jpeg |
| 999 |
_c5363 _d5363 |
||